000 01195nam a22002657a 4500
005 20170124103107.0
010 _aA-988759
020 _c100.00
035 _aA-988759
037 _bCen Lib/Ret
040 _aDPL
_bHN
082 _a
_bरुसवा
100 _aरुसवा, मिर्जा हादी
_978620
245 _aशरिफजादा /
_c मिर्जा हादी रुसवा ; अनुवादक कृषणदेव झारी
246 _aShareefzada
_bby Mirja Hadi Rusva ; anuvadak Krishandev Jhari
260 _aनई दिल्ली
_bझारीसन प्रेस
_c2000
270 _aऍफ़-3/16, गे हाउस अंसारी रोड दरिया गंज
_bनई दिल्ली
_e110002
300 _a110पृष्ठ.
_c20सेमी(सजिल्द)
650 _aहिंदी साहित्य
_978621
650 _aमशहूर उर्दू उपन्यास
_978622
650 _ahindi Literature
_978623
650 _aThe famous Urdu novel
_978624
700 _aझारी,कृषणदेव
_978625
942 _2ddc
_cHN
_h
_mरुसवा
999 _c118159
_d118159